|
|
|
|
| LEADER |
00000nam a2200000 a 4500 |
| 001 |
vtls011545719 |
| 003 |
SK-MaSNL |
| 005 |
20260301092022.0 |
| 008 |
240318s2015 xo oa e n 000 0 eng |
| 015 |
|
|
|a SNBA2016/05
|
| 020 |
|
|
|a 9788022826921
|q (brož.)
|
| 035 |
|
|
|a 71E16687-E348-4BD2-98D3-A9CBBDC3A1DF
|
| 035 |
|
|
|a urn:nbn:sk:snk-amll9z
|
| 035 |
|
|
|a urn:nbn:sk:snk-am00bf1a
|
| 040 |
|
|
|a SNK
|b slo
|c SNK
|e AACR2
|
| 041 |
1 |
|
|a eng
|h slo
|
| 044 |
|
|
|a xo
|c SK
|
| 072 |
|
7 |
|a 502
|x Životné prostredie a jeho ochrana
|2 konspekt
|
| 080 |
|
|
|a 502.174
|2 2011
|
| 080 |
|
|
|a (075.8)
|2 2011
|
| 100 |
1 |
|
|a Ružinská, Eva,
|d 1966-
|4 aut
|9 12340
|
| 245 |
1 |
0 |
|a Environmental technologies
|c Eva Ružinská ; [translation: Skrivanek Slovensko, s.r.o.]
|
| 250 |
|
|
|a 1st ed.
|
| 260 |
|
|
|a Zvolen
|b Technical University
|c 2015
|
| 300 |
|
|
|a 171 s.
|b fotogr., ilustr.
|c 30 cm
|
| 366 |
|
|
|e 100 výt.
|
| 504 |
|
|
|a Bibliogr.: s. 165-170 ; základné pojmy
|
| 650 |
0 |
7 |
|a environmentálne vhodné technológie
|2 SNKPH
|9 82527
|
| 650 |
0 |
7 |
|a Green technology
|2 SNKPHeng
|9 302635
|
| 655 |
|
7 |
|a učebnice vysokých škôl
|2 SNKPH
|9 70191
|
| 655 |
|
7 |
|a Textbooks (higher)
|2 SNKPHeng
|9 276436
|
| 710 |
2 |
|
|a Skrivanek Slovensko
|4 trl
|9 157859
|
| 919 |
|
|
|a 978-80-228-2692-1
|
| 958 |
|
|
|a NB
|
| 958 |
|
|
|a OP
|
| 968 |
|
|
|a Eng
|b SLO
|
| 999 |
|
|
|c 672798
|d 674728
|
| 952 |
|
|
|a SNK
|b SNK
|y PREZ
|7 0
|p 17A1192828
|o snkSB 89953
|i snk2016/9704
|8 0
|0 0
|1 0
|4 0
|d 2016-04-15
|f 1
|l 0
|r 2025-05-13 00:00:00
|w 2026-02-23
|
| 952 |
|
|
|a SNK
|b SNK
|y VYP
|7 0
|p 17A1192829
|o snkSB 89953 D1
|i snk2016/9705
|8 0
|0 0
|1 0
|4 0
|d 2016-04-15
|l 0
|r 2026-02-23 19:32:01
|w 2026-02-23
|